[Event "Oberliga Nord W 1011"]
[Site "Germany"]
[Date "2011.03.20"]
[Round "8.1"]
[White "Solleveld, Maarten"]
[Black "Botschek, Martin"]
[Result "1-0"]
[WhiteElo "2489"]
[BlackElo "2250"]
[PlyCount "47"]
[EventDate "2010.10.10"]
[EventType "team-tourn"]
[EventRounds "9"]
[EventCountry "GER"]
[SourceTitle "EXT 2012"]
[Source "ChessBase"]
[SourceDate "2011.11.24"]
[SourceVersion "1"]
[SourceVersionDate "2011.11.24"]
[SourceQuality "1"]
[WhiteTeam "Goettingen Tempo"]
[BlackTeam "Schinkel"]
[WhiteTeamCountry "GER"]
[BlackTeamCountry "GER"]

1. e4 e5 2. Nf3 d6 3. d4 Nd7 4. Bc4 c6 5. 0-0 Be7 6. dxe5 dxe5 7. Ng5 Bxg5 8. Qh5 Qf6 9. Bxg5 Qg6 10. Qh4 Ngf6 11. f3 0-0 12. Be3 Re8 13. Nd2 Nf8 14. Qf2 Nh5 15. Rfd1 Be6 16. Bf1 a6 17. Nc4 f6 18. Qh4 Kh8 19. Rd2 Bg8 20. Nd6 Re7 21. Nf5 Ree8 22. g3 Be6 23. Bh3 Red8 24. Bg4 1-0

[Event "Bayern-chI Bank Hofmann 6th"]
[Site "Bad Wiessee"]
[Date "2002.10.29"]
[Round "4"]
[White "Botschek, Martin"]
[Black "Zimmermann, Ralf"]
[Result "1-0"]
[WhiteElo "2235"]
[BlackElo "2092"]
[PlyCount "63"]
[EventDate "2002.10.26"]
[EventType "swiss"]
[EventRounds "9"]
[EventCountry "GER"]
[SourceTitle "EXT 2003"]
[Source "ChessBase"]
[SourceDate "2002.11.25"]
[SourceVersion "1"]
[SourceVersionDate "2002.11.25"]
[SourceQuality "1"]

1. e4 c6 2. d3 e5 3. g3 d6 4. Bg2 Nf6 5. Nc3 Be7 6. Nge2 h5 7. h3 Be6 8. f4 g6 9. Be3 Nbd7 10. Qd2 Qc7 11. 0-0-0 b5 12. d4 Nb6 13. b3 b4 14. Nb1 a5 15. g4 exf4 16. Nxf4 hxg4 17. Nxe6 fxe6 18. hxg4 Rxh1 19. Rxh1 Nxg4 20. Bh3 Nxe3 21. Qxe3 Bf6 22. Bxe6 Qe7 23. d5 c5 24. Qe2 Nd7 25. Qb5 Rd8 26. Nd2 Qg7 27. Nc4 Bg5+ 28. Kb1 Bf4 29. Qc6 Ke7 30. Qc7 Qc3 31. Nxa5 Be5 32. Nc6+ 1-0

[Event "Bayern-chI Bank Hofmann 6th"]
[Site "Bad Wiessee"]
[Date "2002.10.28"]
[Round "3"]
[White "Szabo, Zsolt Jozsef"]
[Black "Botschek, Martin"]
[Result "1-0"]
[WhiteElo "2453"]
[BlackElo "2235"]
[PlyCount "57"]
[EventDate "2002.10.26"]
[EventType "swiss"]
[EventRounds "9"]
[EventCountry "GER"]
[SourceTitle "EXT 2003"]
[Source "ChessBase"]
[SourceDate "2002.11.25"]
[SourceVersion "1"]
[SourceVersionDate "2002.11.25"]
[SourceQuality "1"]

1. e4 g6 2. d4 Bg7 3. Nc3 c6 4. Nf3 d6 5. h3 Nd7 6. a4 Ngf6 7. Be3 0-0 8. Qd2 e5 9. dxe5 dxe5 10. Bc4 Qe7 11. 0-0 Nc5 12. Bxc5 Qxc5 13. Bb3 Nh5 14. Ne2 Nf4 15. Nxf4 exf4 16. c3 g5 17. Rad1 h6 18. Rfe1 Re8 19. Nd4 a6 20. Qe2 Qf8 21. Qh5 c5 22. Nf5 Be6 23. Bd5 Rab8 24. h4 Bxd5 25. exd5 Rxe1+ 26. Rxe1 Re8 27. Re2 Rxe2 28. Qxe2 Qd8 29. d6 1-0

[Event "Bayern-chI Bank Hofmann 5th"]
[Site "Bad Wiessee"]
[Date "2001.10.31"]
[Round "5"]
[White "Gutman, Lev"]
[Black "Botschek, Martin"]
[Result "1-0"]
[WhiteElo "2489"]
[BlackElo "2233"]
[PlyCount "113"]
[EventDate "2001.10.27"]
[EventType "swiss"]
[EventRounds "9"]
[EventCountry "GER"]
[SourceTitle "EXT 2003"]
[Source "ChessBase"]
[SourceDate "2002.11.25"]
[SourceVersion "1"]
[SourceVersionDate "2002.11.25"]
[SourceQuality "1"]

1. Nf3 g6 2. g3 Bg7 3. d4 d6 4. Bg2 e5 5. dxe5 dxe5 6. Qxd8+ Kxd8 7. Nc3 c6 8. h4 f6 9. h5 Be6 10. hxg6 hxg6 11. Rxh8 Bxh8 12. Be3 Nd7 13. 0-0-0 Kc7 14. Rh1 Bg7 15. Rh7 Bf8 16. Ne4 b6 17. Bh3 Bxh3 18. Rxh3 Re8 19. Rh7 Re7 20. Rh8 Rg7 21. Nh4 Be7 22. f4 f5 23. Ng5 Bxg5 24. fxg5 Ne7 25. Bd2 c5 26. c4 Nb8 27. Bc3 Nbc6 28. e3 Kd6 29. a3 Ke6 30. b4 a6 31. Ra8 cxb4 32. axb4 b5 33. Rxa6 bxc4 34. b5 Kd5 35. bxc6 Nxc6 36. Nf3 Rh7 37. Kd2 Rh3 38. Bxe5 Nxe5 39. Ra5+ Ke4 40. Nxe5 Rxg3 41. Nxc4 Rxg5 42. Re5+ Kf3 43. Kd3 Rg1 44. Re6 g5 45. Rg6 Rd1+ 46. Nd2+ Kg4 47. Rf6 Re1 48. Nc4 Rd1+ 49. Ke2 Rd5 50. e4 Rd4 51. Ne3+ Kf4 52. exf5 Ra4 53. Rd6 Ra2+ 54. Rd2 Ra3 55. Rd4+ Ke5 56. Rb4 Ra2+ 57. Kf3 1-0

[Event "OWL-ch"]
[Site "Liege Lemgo"]
[Date "2001.04.06"]
[Round "5"]
[White "Botschek, Martin"]
[Black "Sicker, Rolf"]
[Result "1-0"]
[WhiteElo "2233"]
[BlackElo "2180"]
[PlyCount "47"]
[EventDate "2001.04.08"]
[EventType "tourn"]
[EventRounds "5"]
[EventCountry "GER"]
[SourceTitle "EXT 2003"]
[Source "ChessBase"]
[SourceDate "2002.11.25"]
[SourceVersion "1"]
[SourceVersionDate "2002.11.25"]
[SourceQuality "1"]

1. e4 c6 2. d3 d5 3. Nd2 dxe4 4. dxe4 e5 5. Ngf3 Bg4 6. Bc4 Bxf3 7. Qxf3 Nf6 8. 0-0 Bc5 9. Rd1 Qe7 10. Nf1 h6 11. Ng3 g6 12. a4 Nbd7 13. a5 Kf8 14. b4 b5 15. axb6 Bxb6 16. Ra3 Kg7 17. Rad3 Rhd8 18. Nf5+ gxf5 19. Qxf5 Nf8 20. Bxh6+ Kxh6 21. Rh3+ Kg7 22. Qg5+ Ng6 23. Qh6+ Kg8 24. Qxg6+ 1-0

[Event "OWL-ch"]
[Site "Liege Lemgo"]
[Date "2001.04.05"]
[Round "3"]
[White "Botschek, Martin"]
[Black "Wehrmann, Olaf"]
[Result "1-0"]
[WhiteElo "2233"]
[BlackElo "2127"]
[PlyCount "101"]
[EventDate "2001.04.08"]
[EventType "tourn"]
[EventRounds "5"]
[EventCountry "GER"]
[SourceTitle "EXT 2003"]
[Source "ChessBase"]
[SourceDate "2002.11.25"]
[SourceVersion "1"]
[SourceVersionDate "2002.11.25"]
[SourceQuality "1"]

1. e4 b6 2. Nc3 Bb7 3. g3 e5 4. Bg2 Nf6 5. d3 Bb4 6. Nge2 Nc6 7. 0-0 0-0 8. h3 Rb8 9. f4 Qe8 10. fxe5 Nxe5 11. Rxf6 gxf6 12. Bh6 Kh8 13. Bxf8 Qxf8 14. Qd2 Qg7 15. Rf1 Ng6 16. Qe3 a6 17. Qf2 Be7 18. Qf5 Rd8 19. Kh1 Bc6 20. Nd4 Rg8 21. Nce2 Nh4 22. Qf4 Nxg2 23. Kxg2 Bd8 24. Nxc6 dxc6 25. Qf5 Qg5 26. Qxg5 Rxg5 27. Nd4 Be7 28. Rf5 c5 29. Ne2 Rxf5 30. exf5 Bd6 31. Kf3 Kg7 32. Nc3 Be5 33. Nd1 Kh6 34. Kg4 Bd4 35. c3 Be5 36. Nf2 Kg7 37. Ne4 c6 38. a4 a5 39. Kf3 Kf8 40. g4 h6 41. Nd2 Ke7 42. Ke4 b5 43. Nb3 bxa4 44. Nxa5 a3 45. bxa3 Bxc3 46. Nxc6+ Kd6 47. Nd8 Kd7 48. Nxf7 Bd2 49. Kd5 Be3 50. Nd6 Bf4 51. Ne4 1-0

[Event "Gelsenkirchen op"]
[Site "Gelsenkirchen"]
[Date "2000.??.??"]
[Round "10"]
[White "Botschek, Martin"]
[Black "Bekker Jensen, David"]
[Result "0-1"]
[WhiteElo "2238"]
[BlackElo "2316"]
[PlyCount "106"]
[EventDate "2000.??.??"]
[EventType "swiss"]
[EventRounds "10"]
[EventCountry "GER"]
[SourceTitle "EXT 2001"]
[Source "ChessBase"]
[SourceDate "2000.11.22"]
[SourceVersion "1"]
[SourceVersionDate "2000.11.22"]
[SourceQuality "1"]

1. e4 c5 2. Nc3 Nc6 3. g3 g6 4. Bg2 Bg7 5. d3 d6 6. f4 e6 7. Nf3 Nge7 8. 0-0 0-0 9. Be3 Nd4 10. Nh4 Rb8 11. Qd2 b6 12. Nd1 f5 13. c3 Ndc6 14. Bf2 Qd7 15. Ne3 d5 16. exd5 exd5 17. Nc2 d4 18. c4 Bb7 19. Rfe1 Rfe8 20. Nf3 h6 21. a3 Na5 22. Rab1 Nb3 23. Qd1 b5 24. Na1 Nxa1 25. cxb5 Qxb5 26. Rxa1 Qxb2 27. Qa4 Bc6 28. Qxa7 Qb7 29. Qxb7 Rxb7 30. Ne5 Bxg2 31. Kxg2 Rc8 32. Nc4 Rcc7 33. a4 Rb3 34. a5 Nd5 35. Re8+ Kh7 36. a6 Ra7 37. Ra5 Nb4 38. Rb8 Rxd3 39. Rb7 Rxa6 40. Rxc5 Nc6 41. Rxc6 Rxc6 42. Ne5 Rcc3 43. Nxd3 Rxd3 44. Rd7 g5 45. fxg5 hxg5 46. Kf1 Kg6 47. h4 g4 48. Ke2 Rf3 49. h5+ Kh6 50. Be1 Be5 51. Rd5 Re3+ 52. Kf1 Kxh5 53. Bd2 Rf3+ 0-1

[Event "Oberliga Nord W 9899"]
[Site "Germany"]
[Date "1999.04.18"]
[Round "9.1"]
[White "Botschek, Martin"]
[Black "Polak, Tomas"]
[Result "0-1"]
[WhiteElo "2225"]
[BlackElo "2525"]
[PlyCount "84"]
[EventDate "1998.10.??"]
[EventType "team-tourn"]
[EventRounds "9"]
[EventCountry "GER"]
[SourceTitle "EXT 2003"]
[Source "ChessBase"]
[SourceDate "2002.11.25"]
[SourceVersion "1"]
[SourceVersionDate "2002.11.25"]
[SourceQuality "1"]
[WhiteTeam "Oesede Georgsmarienhuette"]
[BlackTeam "Werder Bremen II"]
[WhiteTeamCountry "GER"]
[BlackTeamCountry "GER"]

1. e4 c5 2. Nc3 Nc6 3. g3 g6 4. Bg2 Bg7 5. d3 d6 6. f4 e6 7. Nf3 Nge7 8. 0-0 0-0 9. Be3 Nd4 10. Nh4 Rb8 11. Qd2 f5 12. Nd1 b6 13. c3 Ndc6 14. Bf2 Qd7 15. Ne3 Ba6 16. Rfe1 b5 17. Rad1 b4 18. exf5 gxf5 19. Nc4 bxc3 20. bxc3 Rbe8 21. Nf3 h6 22. Qb2 Nd5 23. Qa3 Nb8 24. Nxd6 Qxd6 25. Bxc5 Qc7 26. Nd4 Bxd4+ 27. cxd4 Qd7 28. Rb1 Rf6 29. Rxb8 Rxb8 30. Qxa6 Rb7 31. Qc4 Kf7 32. Bf3 Rb2 33. Qa6 Rb7 34. Re5 Kg6 35. a4 h5 36. Kg2 h4 37. gxh4 Nxf4+ 38. Kg3 Nh5+ 39. Kf2 Rb2+ 40. Ke3 Qg7 41. d5 Qh6+ 42. Kd4 Qf4+ 0-1

[Event "Oberliga Nord W 9899"]
[Site "Germany"]
[Date "1999.03.07"]
[Round "7.1"]
[White "Oppitz, Peter"]
[Black "Botschek, Martin"]
[Result "0-1"]
[WhiteElo "2205"]
[BlackElo "2225"]
[PlyCount "78"]
[EventDate "1998.10.??"]
[EventType "team-tourn"]
[EventRounds "9"]
[EventCountry "GER"]
[SourceTitle "EXT 2003"]
[Source "ChessBase"]
[SourceDate "2002.11.25"]
[SourceVersion "1"]
[SourceVersionDate "2002.11.25"]
[SourceQuality "1"]
[WhiteTeam "Braunschweig SF"]
[BlackTeam "Oesede Georgsmarienhuette"]
[WhiteTeamCountry "GER"]
[BlackTeamCountry "GER"]

1. e4 g6 2. d4 Bg7 3. Nc3 d6 4. Be3 Nd7 5. f4 a6 6. Nf3 b5 7. Bd3 Bb7 8. 0-0 c5 9. dxc5 Nxc5 10. Bd4 Bxd4+ 11. Nxd4 Nf6 12. Qf3 Qb6 13. Kh1 0-0 14. Rad1 Nxd3 15. Rxd3 Rac8 16. Nd5 Nxd5 17. exd5 Qc5 18. Nf5 gxf5 19. Qh5 Rfd8 20. Rg3+ Kf8 21. Qxh7 Ke8 22. Qxf5 e6 23. Rg8+ Ke7 24. Qg5+ Kd7 25. dxe6+ fxe6 26. Rg7+ Kc6 27. Qe7 Ba8 28. a4 bxa4 29. Rf3 Kb5 30. Rd3 Qxc2 31. Rg5+ Rc5 32. h3 Qxd3 33. Qxd8 Qxh3+ 34. Kg1 Qe3+ 35. Kh1 Qc1+ 36. Kh2 Qxf4+ 37. g3 Qxg5 38. Qe8+ Bc6 39. Qb8+ Kc4 0-1

[Event "Oberliga Nord W 9899"]
[Site "Germany"]
[Date "1998.10.18"]
[Round "1.1"]
[White "Heinemann, Dieter"]
[Black "Botschek, Martin"]
[Result "0-1"]
[WhiteElo "2310"]
[BlackElo "2225"]
[PlyCount "76"]
[EventDate "1998.10.??"]
[EventType "team-tourn"]
[EventRounds "9"]
[EventCountry "GER"]
[SourceTitle "EXT 2003"]
[Source "ChessBase"]
[SourceDate "2002.11.25"]
[SourceVersion "1"]
[SourceVersionDate "2002.11.25"]
[SourceQuality "1"]
[WhiteTeam "Bremen Nord"]
[BlackTeam "Oesede Georgsmarienhuette"]
[WhiteTeamCountry "GER"]
[BlackTeamCountry "GER"]

1. e4 g6 2. d4 Bg7 3. Nf3 d6 4. Nc3 a6 5. a4 b6 6. Bc4 e6 7. 0-0 Ne7 8. Re1 0-0 9. Bg5 h6 10. Be3 Bb7 11. Qd2 Kh7 12. Bd3 Nd7 13. h3 Qe8 14. Rad1 Rd8 15. Qe2 Nb8 16. Bf4 Qd7 17. h4 Qc8 18. e5 Bxf3 19. Qxf3 d5 20. Ne2 c5 21. c3 Nbc6 22. Bb1 Rd7 23. Ng3 Qd8 24. Nh5 cxd4 25. cxd4 Nf5 26. Bxf5 gxf5 27. Nxg7 Kxg7 28. Qh5 Rh8 29. Re3 Ne7 30. g4 fxg4 31. Qxg4+ Kf8 32. Rg3 Nf5 33. Bxh6+ Rxh6 34. Qg8+ Ke7 35. Qg5+ f6 36. exf6+ Rxf6 37. Rf3 Qh8 38. Re1 Kf7 0-1

[Event "Oberliga Nord W 9798"]
[Site "Germany"]
[Date "1998.02.01"]
[Round "5.3"]
[White "Botschek, Martin"]
[Black "Brodhuhn, Reinhard"]
[Result "1/2-1/2"]
[WhiteElo "2195"]
[BlackElo "2270"]
[PlyCount "141"]
[EventDate "1997.10.??"]
[EventType "team-tourn"]
[EventRounds "9"]
[EventCountry "GER"]
[SourceTitle "EXT 2003"]
[Source "ChessBase"]
[SourceDate "2002.11.25"]
[SourceVersion "1"]
[SourceVersionDate "2002.11.25"]
[SourceQuality "1"]
[WhiteTeam "Oesede Georgsmarienhuette"]
[BlackTeam "Hannover SV"]
[WhiteTeamCountry "GER"]
[BlackTeamCountry "GER"]

1. e4 c5 2. Nc3 Nc6 3. g3 g6 4. Bg2 Bg7 5. d3 Rb8 6. Be3 d6 7. f4 b5 8. Qd2 b4 9. Nd1 Qc7 10. Nf3 Nf6 11. h3 c4 12. 0-0 Ba6 13. Re1 0-0 14. Bf2 Rfd8 15. Ne3 c3 16. bxc3 bxc3 17. Qc1 Qa5 18. g4 Nd7 19. Nd1 Rb2 20. d4 Rdb8 21. e5 Bc4 22. a3 Qa4 23. Nxc3 Qxc2 24. Qxc2 Rxc2 25. Rec1 Rxc1+ 26. Rxc1 Na5 27. Ne4 d5 28. Nc5 Nxc5 29. dxc5 Nb3 30. Rc2 Rc8 31. e6 fxe6 32. Ng5 Nd4 33. Bxd4 Bxd4+ 34. Kh2 Bb3 35. Re2 Bxc5 36. Nxe6 Bd6 37. Re3 Bc4 38. Kg3 Rb8 39. h4 h6 40. Bf3 Rb3 41. Rxb3 Bxb3 42. a4 Kf7 43. Nd4 Bc4 44. Nb5 Bb8 45. g5 h5 46. Nc3 d4 47. Ne4 Bc7 48. Nd2 Be6 49. Be4 Bd7 50. Bd5+ e6 51. Bb3 Bc6 52. Nf3 Bxf3 53. Kxf3 d3 54. Ke3 d2 55. Kxd2 Bxf4+ 56. Ke2 Bg3 57. Kf3 Bxh4 58. Kf4 Be1 59. Ke5 Bc3+ 60. Kf4 Bd2+ 61. Ke5 Bxg5 62. Bxe6+ Kg7 63. Bd7 Bd8 64. Be8 Kh6 65. Bf7 Kg5 66. Ke4 Bb6 67. Be8 a5 68. Kf3 Bc7 69. Bf7 Kh6 70. Ke4 h4 71. Be6 1/2-1/2

[Event "Enger Spenge op"]
[Site "Enger Spenge"]
[Date "1998.??.??"]
[Round "7"]
[White "Botschek, Martin"]
[Black "Gutman, Lev"]
[Result "0-1"]
[WhiteElo "2195"]
[BlackElo "2475"]
[PlyCount "60"]
[EventDate "1998.??.??"]
[EventType "swiss"]
[EventRounds "7"]
[EventCountry "GER"]
[SourceTitle "EXT 2002"]
[Source "ChessBase"]
[SourceDate "2001.11.25"]
[SourceVersion "1"]
[SourceVersionDate "2001.11.25"]
[SourceQuality "1"]

1. e4 c5 2. Nc3 d6 3. g3 Nc6 4. Bg2 g6 5. d3 Bg7 6. f4 Bd7 7. Be3 Nd4 8. Qd2 Qa5 9. Nf3 Nb5 10. Nd1 Qxd2+ 11. Kxd2 Nf6 12. Re1 0-0 13. Bg1 Bc6 14. Re2 Nc7 15. Ne3 Nd7 16. Rf1 b5 17. Kc1 c4 18. Nd1 cxd3 19. cxd3 Na6 20. Ne1 b4 21. Kb1 Nac5 22. Ne3 Rfe8 23. Rd2 b3 24. Bf3 bxa2+ 25. Kxa2 Rab8 26. Nc4 Bb5 27. b3 Nxb3 28. Kxb3 Bxc4+ 29. Kxc4 Rec8+ 30. Kd5 Rb5+ 0-1

[Event "Muenster op"]
[Site "Muenster"]
[Date "1995.??.??"]
[Round "6"]
[White "Vepkhvishvili, Varlam"]
[Black "Botschek, Martin"]
[Result "1-0"]
[WhiteElo "2315"]
[BlackElo "2210"]
[PlyCount "83"]
[EventDate "1995.??.??"]
[EventType "swiss"]
[EventRounds "9"]
[EventCountry "GER"]
[SourceTitle "EXT 2001"]
[Source "ChessBase"]
[SourceDate "2000.11.22"]
[SourceVersion "1"]
[SourceVersionDate "2000.11.22"]
[SourceQuality "1"]

1. e4 d6 2. d4 Nf6 3. Nc3 g6 4. Be2 Bg7 5. f4 c5 6. d5 Na6 7. a3 Nc7 8. g4 a6 9. h4 h5 10. g5 Ng4 11. a4 b6 12. Nf3 Bd7 13. Nh2 Nxh2 14. Rxh2 b5 15. a5 b4 16. Na4 Bb5 17. Bf3 Rb8 18. c3 Na8 19. cxb4 cxb4 20. Be3 Qc7 21. Kf2 0-0 22. Kg3 Rfc8 23. Nb6 Nxb6 24. axb6 Qc4 25. b7 Re8 26. Rc1 Qa2 27. Rc7 Qa5 28. Qc1 Bc3 29. Rc8 Rbxc8 30. bxc8Q Rxc8 31. bxc3 Rxc3 32. Rc2 Bd3 33. Rxc3 bxc3 34. Bd4 c2 35. Kf2 Qb4 36. Ke3 Qb3 37. Qb2 Bc4+ 38. Kf2 a5 39. Qxb3 Bxb3 40. Bb2 e5 41. fxe5 dxe5 42. Ke3 1-0